<?xml version="1.0" encoding="UTF-8"?><?xml-stylesheet type="text/xsl" href="static/style.xsl"?><OAI-PMH xmlns="http://www.openarchives.org/OAI/2.0/" xmlns:xsi="http://www.w3.org/2001/XMLSchema-instance" xsi:schemaLocation="http://www.openarchives.org/OAI/2.0/ http://www.openarchives.org/OAI/2.0/OAI-PMH.xsd"><responseDate>2026-04-14T07:22:12Z</responseDate><request verb="GetRecord" identifier="oai:www.recercat.cat:20.500.12328/5129" metadataPrefix="marc">https://recercat.cat/oai/request</request><GetRecord><record><header><identifier>oai:recercat.cat:20.500.12328/5129</identifier><datestamp>2025-11-08T13:32:06Z</datestamp><setSpec>com_2072_67741</setSpec><setSpec>col_2072_484352</setSpec></header><metadata><record xmlns="http://www.loc.gov/MARC21/slim" xmlns:dcterms="http://purl.org/dc/terms/" xmlns:xsi="http://www.w3.org/2001/XMLSchema-instance" xmlns:doc="http://www.lyncode.com/xoai" xsi:schemaLocation="http://www.loc.gov/MARC21/slim http://www.loc.gov/standards/marcxml/schema/MARC21slim.xsd">
   <leader>00925njm 22002777a 4500</leader>
   <datafield ind2=" " ind1=" " tag="042">
      <subfield code="a">dc</subfield>
   </datafield>
   <datafield ind2=" " ind1=" " tag="720">
      <subfield code="a">González Romo, Zahaira Fabiola</subfield>
      <subfield code="e">author</subfield>
   </datafield>
   <datafield ind2=" " ind1=" " tag="720">
      <subfield code="a">Leo Mena, Oriol</subfield>
      <subfield code="e">author</subfield>
   </datafield>
   <datafield ind2=" " ind1=" " tag="260">
      <subfield code="c">2023</subfield>
   </datafield>
   <datafield ind2=" " ind1=" " tag="520">
      <subfield code="a">El turismo LGBTIQ+ ofrece una variedad de viajes específica para distintos segmentos de la sociedad y está plenamente consolidado en algunos destinos y mercados. Esta investigación tiene como objetivo comprender y analizar la relación entre el destino y el consumo del colectivo LGBTIQ+ en este sector turístico. Para ello, se plantea estudiar específicamente los pilares fundamentales en la construcción de la imagen de destino y por tanto, exponer bases en la elección de un destino turístico por las personas que forman parte de estos itinerarios. Dichos objetivos se contemplan tanto de manera teórica como práctica, destacando de manera equitativa ambas partes. En el marco teórico, se han revisado las aportaciones conceptuales de la imagen de un destino turístico, los atributos, tipos de destino turístico y la gestión y comercialización del destino turístico con criterios de inclusividad. A partir de esta revisión teórica, se plantea un estudio metodológico mixto y empírico basado en transcripción de entrevistas a expertos y posterior encuesta online para poder analizar cada uno de los puntos estudiados y mostrar porcentajes mediante diagramas y tablas gráficas. Posteriormente y gracias al análisis de dichos resultados, se discuten y barajan diversas conclusiones descriptivas como aportación a la progresiva y creciente investigación en la comunicación turística en el colectivo LGBTIQ+.</subfield>
   </datafield>
   <datafield ind1="8" ind2=" " tag="024">
      <subfield code="a">González Romo, Zahaira Fabiola; Leo Mena, Oriol. Comunicación y promoción turística para el colectivo LGBTIQ+. Comunicación y Cultura, 2023, 3(1), p, 83-105. Disponible en: &lt;https://revistas.ucm.es/index.php/ESLG/article/view/83529>. Fecha de acceso: 6 nov. 2025. DOI: 10.5209/eslg.83529</subfield>
   </datafield>
   <datafield ind1="8" ind2=" " tag="024">
      <subfield code="a">2792-3622</subfield>
   </datafield>
   <datafield ind1="8" ind2=" " tag="024">
      <subfield code="a">http://hdl.handle.net/20.500.12328/5129</subfield>
   </datafield>
   <datafield ind1="8" ind2=" " tag="024">
      <subfield code="a">https://dx.doi.org/10.5209/eslg.83529</subfield>
   </datafield>
   <datafield tag="653" ind2=" " ind1=" ">
      <subfield code="a">Inclusive tourism</subfield>
   </datafield>
   <datafield tag="653" ind2=" " ind1=" ">
      <subfield code="a">LGBTIQ+ studies</subfield>
   </datafield>
   <datafield tag="653" ind2=" " ind1=" ">
      <subfield code="a">Tourism management</subfield>
   </datafield>
   <datafield tag="653" ind2=" " ind1=" ">
      <subfield code="a">Tourism communication</subfield>
   </datafield>
   <datafield tag="653" ind2=" " ind1=" ">
      <subfield code="a">Gay friendly</subfield>
   </datafield>
   <datafield tag="653" ind2=" " ind1=" ">
      <subfield code="a">Turismo inclusivo</subfield>
   </datafield>
   <datafield tag="653" ind2=" " ind1=" ">
      <subfield code="a">Estudios LGBTIQ+</subfield>
   </datafield>
   <datafield tag="653" ind2=" " ind1=" ">
      <subfield code="a">Gestión turística</subfield>
   </datafield>
   <datafield tag="653" ind2=" " ind1=" ">
      <subfield code="a">Comunicación turística</subfield>
   </datafield>
   <datafield tag="653" ind2=" " ind1=" ">
      <subfield code="a">Gay friendly</subfield>
   </datafield>
   <datafield tag="653" ind2=" " ind1=" ">
      <subfield code="a">Turisme inclusiu</subfield>
   </datafield>
   <datafield tag="653" ind2=" " ind1=" ">
      <subfield code="a">Estudis LGBTIQ+</subfield>
   </datafield>
   <datafield tag="653" ind2=" " ind1=" ">
      <subfield code="a">Gestió turística</subfield>
   </datafield>
   <datafield tag="653" ind2=" " ind1=" ">
      <subfield code="a">Comunicació turística</subfield>
   </datafield>
   <datafield tag="653" ind2=" " ind1=" ">
      <subfield code="a">Gay friendly</subfield>
   </datafield>
   <datafield ind2="0" ind1="0" tag="245">
      <subfield code="a">Comunicación y promoción turística para el colectivo LGBTIQ+</subfield>
   </datafield>
</record></metadata></record></GetRecord></OAI-PMH>